History and problems of Indian currency, 1835-1959 : (Record no. 43606)
[ view plain ]
| 000 -LEADER | |
|---|---|
| fixed length control field | 00774nam a2200241 a 4500 |
| 001 - CONTROL NUMBER | |
| control field | 43606 |
| 003 - CONTROL NUMBER IDENTIFIER | |
| rucl marc code | BD-RjUL |
| 005 - DATE AND TIME OF LATEST TRANSACTION | |
| control field | 20211209053725.0 |
| 008 - FIXED-LENGTH DATA ELEMENTS--GENERAL INFORMATION | |
| fixed length control field | 160625s1947 pk b 001 0 eng d |
| 035 ## - SYSTEM CONTROL NUMBER | |
| System control number | (BD-RjUL) 43724 |
| 040 ## - CATALOGING SOURCE | |
| Original cataloging agency | HDC |
| Transcribing agency | HDC |
| Modifying agency | MYG |
| -- | BD-RjUL |
| Language of cataloging | eng |
| 041 ## - LANGUAGE CODE | |
| Language code of text/sound track or separate title | eng |
| 082 ## - DEWEY DECIMAL CLASSIFICATION NUMBER | |
| Edition number | 23 |
| Classification number | 332.42 |
| Author mark and year | MAH 1947 |
| 100 1# - MAIN ENTRY--PERSONAL NAME | |
| Personal name | Malhotra, D. K. |
| Fuller form of name | (Daya Krishan) |
| 9 (RLIN) | 134091 |
| 245 10 - TITLE STATEMENT | |
| Title | History and problems of Indian currency, 1835-1959 : |
| Remainder of title | an introductory study / |
| Statement of responsibility, etc. | D. K. Malhotra |
| 250 ## - EDITION STATEMENT | |
| Edition statement | 4th ed. |
| 260 ## - PUBLICATION, DISTRIBUTION, ETC. (IMPRINT) | |
| Place of publication, distribution, etc. | Lahore : |
| Name of publisher, distributor, etc. | The Minerva Book Shop, |
| Date of publication, distribution, etc. | 1947 |
| 300 ## - PHYSICAL DESCRIPTION | |
| Pagination | ix, 304 p. : |
| Illustrations | ill. ; |
| Size | 22 cm. |
| 504 ## - BIBLIOGRAPHY, ETC. NOTE | |
| Bibliography, etc | Bibliography: p. 283-286 and index. |
| 650 #0 - SUBJECT ADDED ENTRY--TOPICAL TERM | |
| Topical term or geographic name as entry element | Money |
| Geographic subdivision | India |
| General subdivision | History. |
| 9 (RLIN) | 134092 |
| Topical term or geographic name as entry element | Currency question |
| Geographic subdivision | India. |
| 9 (RLIN) | 134093 |
| 942 ## - ADDED ENTRY ELEMENTS (KOHA) | |
| Source of classification or shelving scheme | Dewey Decimal Classification |
| Koha item type | Books |
| Lost status | Source of classification or shelving scheme | Damaged status | Not for loan | Collection code | Permanent Location | Current Location | Shelving location | Date acquired | Source of acquisition | Cost, normal purchase price | Total Checkouts | Full call number | Date last seen | Copy number | Koha item type |
|---|---|---|---|---|---|---|---|---|---|---|---|---|---|---|---|
| Dewey Decimal Classification | Non-fiction | Central Library, University of Rajshahi | Central Library, University of Rajshahi | 11/06/1955 | Pak lit. palace | 4.80 | 332.42 MAH 1947 | 25/06/2016 | C-2 | Books |